000 01460cam a2200373 i 4500
001 vtls003269911
003 MY-SjTCS
005 20200226120402.0
008 151019s2011 nyua b 001 0 eng
020 _a9780230108615 (paperback)
039 9 _a201809071238
_bVLOAD
_c201601081407
_dshuhada
_c201601081407
_dshuhada
_c201601081400
_dshuhada
_y201510081154
_zmalathy
040 _erda
043 _an-us---
082 0 4 _a305.800973
_bMUS 2011
245 0 0 _aMuslims and Jews in America :
_bcommonalities, contentions, and complexities /
_cedited by Reza Aslan and Aaron J. Hahn Tapper.
250 _aFirst edition.
264 1 _aNew York, NY :
_bPalgrave Macmillan,
_c2011.
300 _axiv, 214 pages ;
_c24 cm
336 _atext
_2rdacontent
337 _aunmediated
_2rdamedia
338 _avolume
_2rdacarrier
504 _aIncludes bibliographical references and index.
650 0 _aJews
_zUnited States
_xSocial conditions
_y21st century.
650 0 _aMuslims
_zUnited States
_xSocial conditions
_y21st century.
650 0 _aJudaism
_xRelations
_xIslam.
_926639
650 0 _aIslam
_xRelations
_xJudaism.
_926640
650 0 _aReligious tolerance
_zUnited States.
_943598
650 0 _aIntercultural communication
_zUnited States.
_926264
651 0 _aUnited States
_xEthnic relations.
_94904
651 0 _aUnited States
_xReligion.
_917541
700 1 _aAslan, Reza.
_942607
700 1 _aTapper, Aaron J. Hahn.
_974882
920 _aSOC : 220615
999 _c163459